000 00315nam a22001337a 4500
008 170818b xxu||||| |||| 00| 0 eng d
020 _a9780205146734
041 _aeng
080 _a51
100 _a37
101 _aMAT
245 _aCLSSROOM TEACHING ELEMENTARY MATHEMATICS
_cSCHWARTZ.J.E
942 _2udc
_cBK
999 _c24116
_d24116